| 000 | 00492pam a2200181 i 4500 | ||
|---|---|---|---|
| 005 | 20250901165259.0 | ||
| 008 | 800729s1981 nyu 000 0 eng | ||
| 010 | _a 80020513 | ||
| 020 | _a0393014355 | ||
| 050 | 0 | 0 |
_aHN65 .H432 1981 _b.H432 1981 |
| 082 | 0 | 0 |
_a973.92 _219 |
| 100 | 1 |
_aHenderson, Bill, _d1941- |
|
| 245 | 1 | 0 |
_aHis son : _ba child of the fifties / _cBill Henderson. |
| 250 | _a1st ed. | ||
| 260 |
_aNew York : _bNorton, _cc1981. |
||
| 300 |
_a144 p. ; _c22 cm. |
||
| 942 | _2ddc | ||
| 999 |
_c1486 _d1486 |
||